Tobermory (recorte) /

Guardado en:
Autor Principal: Saki
Formato: Libro
Publicado: : , 1991
Series:First N§ 63
Materias:
Fc
Etiquetas: Agregar Etiqueta
Sin Etiquetas, Sea el primero en etiquetar este registro!
LEADER 00437nam a22001815a 4500
001 CEM.cems009202
005 20060214000000.0
008 130507s1991##################000#0#####d
003 CEMS
082 0 4 |a FA860 
100 1 |a Saki 
245 1 0 |a Tobermory (recorte) / 
260 |a  :  |b ,  |c 1991 
300 |a 4 p. 
490 0 |a First N§ 63 
653 |a Fc 
653 |a Literatura-cuentos 
859 |a CEMS  |b BIB. CEMS - 11 de abril  |h FA860  |i 36  |p 1432.44  |t Ej.1